000 00291nam a2200109Ia 4500
008 171211s9999 xx 000 0 und d
245 4 _aThe Ultimate Teen Guide
245 _cJessica R. Greene
260 _c2014
650 _xHEALTH
856 _uhttp://down.ebook777.com/017/9780810887732.pdf
999 _c348372
_d348372